<?xml version="1.0" encoding="UTF-8"?>
<record
    xmlns:xsi="http://www.w3.org/2001/XMLSchema-instance"
    xsi:schemaLocation="http://www.loc.gov/MARC21/slim http://www.loc.gov/standards/marcxml/schema/MARC21slim.xsd"
    xmlns="http://www.loc.gov/MARC21/slim">

  <leader>01567nam a2200157 a 4500</leader>
  <controlfield tag="001">000038742</controlfield>
  <controlfield tag="005">20250116163337.0</controlfield>
  <controlfield tag="008">130419s2000    dr            000 0 spa d</controlfield>
  <datafield tag="040" ind1=" " ind2=" ">
    <subfield code="a">DO-SdBNP</subfield>
    <subfield code="b">spa</subfield>
    <subfield code="c">BNPHU</subfield>
  </datafield>
  <datafield tag="110" ind1="1" ind2=" ">
    <subfield code="a">Rep&#xFA;blica Dominicana.</subfield>
    <subfield code="b">Secretar&#xED;a de Estado de Educaci&#xF3;n y Cultura</subfield>
    <subfield code="9">18697</subfield>
  </datafield>
  <datafield tag="245" ind1="1" ind2="0">
    <subfield code="a">Reglamento de las instituciones educativas privadas.</subfield>
  </datafield>
  <datafield tag="260" ind1=" " ind2=" ">
    <subfield code="a">Santo Domingo :</subfield>
    <subfield code="b">Consejo Nacional de Educaci&#xF3;n,</subfield>
    <subfield code="c">2000.</subfield>
  </datafield>
  <datafield tag="300" ind1=" " ind2=" ">
    <subfield code="a">47 p. :</subfield>
    <subfield code="b">il. ;</subfield>
    <subfield code="c">28 cm.</subfield>
  </datafield>
  <datafield tag="500" ind1=" " ind2=" ">
    <subfield code="a">Aprobado en sesi&#xF3;n celebrada el d&#xED;a 7 de junio del 2000</subfield>
  </datafield>
  <datafield tag="505" ind1=" " ind2=" ">
    <subfield code="a">Ordenanza No. 4'2000 7 De las Instituciones Educativas Privadas--</subfield>
    <subfield code="t">De los principios que sustentan la labor de las Instituciones Educativas Privadas --</subfield>
    <subfield code="t">De los prop&#xF3;sitos y alcance del reglamento --</subfield>
    <subfield code="t">Del reconocimiento y acreditaci&#xF3;n de las Instituciones Educativas Privadas --</subfield>
    <subfield code="t">Requisitos m&#xED;nimos para la apertura de una Instituci&#xF3;n Educativa Privada --</subfield>
    <subfield code="t">De los organismos de Gesti&#xF3;n, Participaci&#xF3;n y Apoyo --</subfield>
    <subfield code="t">De las organizaci&#xF3;n y funcionamiento de las Instituciones Educativas Privadas --</subfield>
    <subfield code="t">De los recursos humanos --</subfield>
    <subfield code="t">Del cambio de matr&#xED;cula, del certificado de escolaridad y de la c&#xE9;dula escolar de los estudiantes del Nivel Medio --</subfield>
    <subfield code="t">De los libros, actas y boletines de calificaciones --</subfield>
    <subfield code="t">De la evaluaci&#xF3;n y supervisi&#xF3;n --</subfield>
    <subfield code="t">De los estudiantes: sus derechos, deberes y r&#xE9;gimen disciplinario --</subfield>
    <subfield code="t">De las Instituciones Educativas Privadas que desempe&#xF1;an sus labores docentes utilizando un plan de estudio diferente al oficial y en un idioma que no es el espa&#xF1;ol --</subfield>
    <subfield code="t">Disposiciones generales--</subfield>
  </datafield>
  <datafield tag="952" ind1=" " ind2=" ">
    <subfield code="0">0</subfield>
    <subfield code="1">0</subfield>
    <subfield code="7">-1</subfield>
    <subfield code="8">PD</subfield>
    <subfield code="a">PD</subfield>
    <subfield code="b">PD</subfield>
    <subfield code="c">OI</subfield>
    <subfield code="d">2013-04-19</subfield>
    <subfield code="i">LF1</subfield>
    <subfield code="l">0</subfield>
    <subfield code="o"> </subfield>
    <subfield code="p">38742-10</subfield>
    <subfield code="r">2020-06-25</subfield>
    <subfield code="w">2020-06-25</subfield>
    <subfield code="y">LFPD</subfield>
    <subfield code="Z">No se presta</subfield>
  </datafield>
  <datafield tag="999" ind1=" " ind2=" ">
    <subfield code="c">38232</subfield>
    <subfield code="d">38232</subfield>
  </datafield>
</record>
